00542nam a2200193Ia 450000500170000000800410001702000150005808200130007324500290008626000490011530000170016465000110018165000100019265000130020265000190021594200060023495200950024099900130033520240716032850.0240331s9999 xx 000 0 und d a0195082613 a200bFUN 0aFudamentalism and gender aNew YorkbOxford University press, Incc1994 avi, 220 p ., aGender aWomen aReligion aFundamentalism cL 001040708LaWERCLbWERCLcSSCd2024-03-31l0o 200 FUNp2115r2024-03-31w2024-03-31yL c772d772